Vile victorians / (Record no. 7374)

MARC details
000 -LEADER
fixed length control field 01002nam a22002897a 4500
001 - CONTROL NUMBER
control field 7374
003 - CONTROL NUMBER IDENTIFIER
control field FISKH
005 - DATE AND TIME OF LATEST TRANSACTION
control field 20250711092625.0
008 - FIXED-LENGTH DATA ELEMENTS--GENERAL INFORMATION
fixed length control field 250711b cb ||||| |||| 00| 0 eng d
020 ## - INTERNATIONAL STANDARD BOOK NUMBER
International Standard Book Number 9780439944045
040 ## - CATALOGING SOURCE
Original cataloging agency FISKH
Language of cataloging eng
Transcribing agency FISKH
Modifying agency FISKH
050 ## - LIBRARY OF CONGRESS CALL NUMBER
Classification number DA550 .D43
082 ## - DEWEY DECIMAL CLASSIFICATION NUMBER
Classification number 941.081
100 ## - MAIN ENTRY--PERSONAL NAME
Personal name Deary, Terry
245 ## - TITLE STATEMENT
Title Vile victorians /
Statement of responsibility, etc. By Terry Deary : Illustrated By Martin Brown
260 ## - PUBLICATION, DISTRIBUTION, ETC.
Place of publication, distribution, etc. New York :
Name of publisher, distributor, etc. Scholastic ,
Date of publication, distribution, etc. 1994.
300 ## - PHYSICAL DESCRIPTION
Extent 141 pages :
Other physical details illustrations ;
Dimensions 20 cm .
490 ## - SERIES STATEMENT
Series statement Horrible Histories
505 ## - FORMATTED CONTENTS NOTE
Formatted contents note R <br/>
520 ## - SUMMARY, ETC.
Summary, etc. All the foul facts about the Vile Victorians are ready to be uncovered, including: the murderers who wouldn't hang, when the first public loo was flushed and how stag hunting took place in Paddington Station.<br/>
521 8# - TARGET AUDIENCE NOTE
Target audience note 660 <br/>
Source Lexile estimate <br/>
521 8# - TARGET AUDIENCE NOTE
Target audience note R <br/>
Source Raz-Plus <br/>
650 ## - SUBJECT ADDED ENTRY--TOPICAL TERM
Topical term or geographic name entry element Victorian
Form subdivision Non-fiction
700 ## - ADDED ENTRY--PERSONAL NAME
Personal name Brown, Martin
Relator term Illustration
942 ## - ADDED ENTRY ELEMENTS (KOHA)
Source of classification or shelving scheme Dewey Decimal Classification
Koha item type Books
Suppress in OPAC No
Holdings
Withdrawn status Lost status Source of classification or shelving scheme Damaged status Not for loan Collection Home library Current library Shelving location Date acquired Total Checkouts Full call number Barcode Date last seen Price effective from Koha item type
    Dewey Decimal Classification     Non-Fiction Footprints International School Library Network Toul Tom Poung Campus Footprints International School Library Network Toul Tom Poung Campus TTP Primary Orange Bookshelves 07/11/2025   DEA 941.081 DA550 .D43 FISO5298 07/11/2025 07/11/2025 Books